Buchstaben in Wörtern - Sudden Death - Statistiken

Allgemein
  • Dieses Quiz wurde 114 mal gespielt
  • Das Durchschnittsergebnis liegt bei 25 aus 40
Answers on the Grid
Answers color-coded by a green-red scale on the quiz's grid according to % correct below.
M
D
E
E
R
L
A
N
E
D
G
B
U
C
H
H
Ö
H
E
S
P
A
L
R
K
G
R
U
N
D
G
O
L
A
S
G
R
E
G
E
H
U
C
L
D
W
O
L
K
F
 
Antwortstatistiken
Antwort % Korrekt
R
84%
A
83%
B
83%
E
83%
M
83%
E
82%
U
82%
C
81%
H
81%
D
79%
L
77%
E
75%
A
74%
H
74%
H
74%
N
74%
K
73%
Ö
73%
P
73%
R
71%
U
62%
N
58%
R
58%
D
57%
L
51%
O
51%
W
51%
G
49%
F
45%
L
45%
A
44%
S
44%
E
43%
R
43%
E
42%
G
42%
L
42%
U
42%
D
40%
H
39%
Keine übereinstimmenden Quizze gefunden
Verteilung der Resultate
Anzahl Personen mit jedem Resultat
Perzentil nach korrekt beantworteten Fragen
Ihre Resultats-Entwicklung
Sie haben dieses Quiz noch nicht gespielt